| 000 -ლიდერი |
| ფიქსირებული სიგრძის საკონტროლო ველი |
01542nam a2200313Ia 4500 |
| 001 - საკონტროლო ნომერი |
| საკონტროლო ველი |
16283 |
| 003 - საკონტროლო ნომრის იდენტიფიკატორი |
| საკონტროლო ველი |
GE_BSU |
| 005 - ბოლო ოპერაციის თარიღი და დრო |
| საკონტროლო ველი |
20250508105208.0 |
| 008 - ფიქსირებული სიგრძის მონაცემთა ელემენტები - ზოგადი ინფორმაცია |
| ფიქსირებული სიგრძის საკონტროლო ველი |
181216s2011||||ge |||||||||||||| ||geo|| |
| 020 ## - წიგნის საერთაშორისო სტანდარტული ნომერი |
| International Standard Book Number |
9789941103391 |
| 040 ## - კატალოგიზაციის წყარო |
| Transcribing agency |
GE_BSU |
| 041 ## - ენის კოდი |
| Language code of text/sound track or separate title |
geo |
| 080 ## - უნივერსალური ათობითი კლასიფიკაციის ინდექსი |
| Universal Decimal Classification number |
347.965(075.8) ა-35 |
| 100 ## - მთავარი ჩანაწერი - პიროვნების სახელი |
| Personal name |
აქუბარდია, ირინა |
| 9 (RLIN) |
9287 |
| 245 ## - ცნობა სათაურის შესახებ |
| Title |
დაცვის ხელოვნება : |
| Remainder of title |
[სახელმძღვ. იურიდ. სპეც. სტუდ.] / |
| Statement of responsibility, etc |
ირინა აქუბარდია; [რედ. გურამ ნაჭყებია]. |
| 245 ## - ცნობა სათაურის შესახებ |
| Remainder of title |
სახელმძღვ. იურიდ. სპეც. სტუდ. |
| 245 ## - ცნობა სათაურის შესახებ |
| Statement of responsibility, etc |
რედ. გურამ ნაჭყებია |
| 260 ## - გამოქვეყნების, გავრცელების, და სხვა. ცნობები |
| Name of publisher, distributor, etc |
მერიდიანი |
| 260 ## - გამოქვეყნების, გავრცელების, და სხვა. ცნობები |
| Date of publication, distribution, etc |
2011 |
| 264 ## - წარმოების, გამოცემის, დისტრიბუციის და სხვა ცნობები |
| გამოცემის, წარმოების, დისტრიბუციის... ადგილი |
თბილისი : |
| გამოცემის, წარმოების, დისტრიბუციის... სახელწოდება |
მერიდიანი, |
| გამოცემის, წარმოების, დისტრიბუციის... თარიღი |
2011. |
| 300 ## - ფიზიკური აღწერა |
| Extent |
296 გვ.; |
| Other physical details |
21სმ. |
| 300 ## - ფიზიკური აღწერა |
| Other physical details |
რეზ. რუს. და ინგლ.. - ბიბლიოგრ. ტექსტ. შენიშვნ. და გვ. 288-29 |
| 504 ## - BIBLIOGRAPHY, ETC. NOTE |
| Bibliography, etc |
ბიბლიოგრ. ტექსტ. შენიშვნ. და გვ. 288-295. |
| 520 ## - SUMMARY, ETC. |
| Summary, etc |
რეზ. რუს. და ინგლ. |
| 653 ## - INDEX TERM--UNCONTROLLED |
| Uncontrolled term |
- დაცვა სისხლის სამართალში; |
| 653 ## - INDEX TERM--UNCONTROLLED |
| Uncontrolled term |
დაცვა სისხლის სამართალში |
| 700 ## - ADDED ENTRY--PERSONAL NAME |
| Personal name |
ნაჭყებია, გურამ |
| Relator term |
რედაქტორი |
| 9 (RLIN) |
219 |
| 942 ## - ADDED ENTRY ELEMENTS (KOHA) |
| Koha item type |
წიგნი |
| Source of classification or shelving scheme |
|